History Quiz

Random History or Clickable Quiz

Clicking Through the 19th Century II Quiz Stats

Quiz Updated Jun 4, 2018

Challenge
Share
Tweet
Embed
Score 0/20 Timer 05:00
0 Plays Today
% Correct
Abraham Lincoln is assassinated
89.7%
Simón Bolivar leads independence struggle against Spain
87.8%
Statue of Liberty arrives in New York Harbor
82.6%
Mary Shelley writes Frankenstein
82.3%
Louisiana Purchase is made
81.8%
Edison invents the practical, commercially viable lightbulb
81.4%
Marx and Engels write the Communist Manifesto
79.7%
Crimean War begins
77.7%
The first underground subway system opens in London
77.6%
Britain agrees to a 99-year lease of Hong Kong from China
74.7%
% Correct
Ludwig van Beethoven dies
73%
Belgium secedes from the Netherlands
68.5%
Wilhelm II accedes to the position of Kaiser
67.9%
Erie Canal opens
67.9%
New Zealand becomes the first country to grant women's suffrage
65.2%
King George IV of the UK dies
64.6%
Suez canal opens
64.4%
The saxophone is invented by Adolphe Sax
62.5%
Haiti proclaims itself an independent republic
61.8%
Wilhelm Rontgen identifies X-Rays
56.8%

You're not logged in!

Compare scores with friends on all Sporcle quizzes.
Join for Free
OR
Log In

You Might Also Like...

Show Comments

Extras

Top Quizzes Today


Score Distribution

Your Account Isn't Verified!

In order to create a playlist on Sporcle, you need to verify the email address you used during registration. Go to your Sporcle Settings to finish the process.

Report this User

Report this user for behavior that violates our Community Guidelines.

Details: